[Event "European Online Club-ch-D 2021"]
[Site "Online"]
[Date "2021.03.27"]
[Round "2.20"]
[White "Guliyev, Namig"]
[Black "Jones, Gawain C B"]
[Result "0-1"]
[WhiteElo "2538"]
[BlackElo "2670"]
[Annotator "TA"]
[PlyCount "146"]
[EventDate "2021.03.27"]
[EventType "team-tourn"]
[EventCountry "NET"]
[SourceTitle "playchess.com"]
[Source "ChessBase"]
[SourceQuality "1"]

{[%evp 17,146,0,7,0,0,0,0,0,47,10,12,10,47,33,52,51,42,46,45,39,60,26,24,31,40,21,32,9,9,9,11,11,14,0,0,0,0,0,0,0,0,0,0,0,0,0,0,0,0,0,0,0,0,0,0,0,0,0,0,0,0,0,8,8,8,8,67,67,67,67,60,60,60,60,62,62,62,60,127,86,86,86,122,64,58,57,72,0,0,0,0,0,0,0,0,-22,-22,-22,-22,-13,-12,-200,-12,-692,-663,-925,-1028,-887,-959,-1376,-5348,-5189,-1662,-29986,-29986,-29987,-29988,-29988,-29989,-29989,-29987,-29987,-29988,-29988,-29989,-29989,-29990,-29990,-29991,-29991,-29992]} 1. e4 e5 2. Nf3 Nc6 3. Bb5 a6 4. Ba4 Nf6 5. O-O b5 6. Bb3 Bc5 7. c3 d6 8. d4 Bb6 9. dxe5 Nxe5 10. Nxe5 {C78: Ruy Lopez: Archangelsk and Möller Defences.} dxe5 11. Qxd8+ Kxd8 12. Bxf7 {The position is equal. 12.Bxf7 is better than 12.Bg5.} Bb7 (12... Rf8 $5 {[%cal Rf8f7]} 13. Bd5 Nxd5 14. exd5 Bb7 $11) 13. Bg5 Ke7 14. Bd5 c6 (14... Bxd5 {is interesting.} 15. exd5 Kf7 16. Nd2 Nxd5 17. Rfe1 Rhe8) 15. Bb3 Rad8 16. Nd2 h6 17. Bxf6+ Kxf6 {[#]} 18. Rfd1 $146 ({Predecessor:} 18. Nf3 c5 19. Bc2 Rd6 20. Rfd1 Rhd8 21. Rxd6+ Rxd6 22. Kf1 c4 23. Re1 g5 24. h3 {½-½ (31) Pedersen,S (1954)-Larsen,K (2302) Copenhagen 2004}) 18... c5 19. Bd5 Bxd5 20. exd5 Rxd5 21. Ne4+ Ke6 22. Rxd5 (22. Re1 {looks sharper.} Rhd8 23. a4 Kd7 24. b3 Rd3 25. Kf1) 22... Kxd5 $14 {[%mdl 4096] Endgame KRB-KRN} 23. f3 {With the idea Rd1+.} c4+ 24. Kf1 Kc6 25. a4 h5 26. axb5+ axb5 27. h4 Rd8 28. Ke2 g6 29. Rb1 Ra8 30. Rd1 Bc7 31. Kd2 Bd8 32. Kc2 {aiming for Rd6+.} Be7 33. Rh1 Kd5 34. Rd1+ Ke6 35. g3 Rf8 36. Rf1 Rd8 37. Rd1 Rf8 38. Rf1 Rd8 39. b3 Ra8 {Strongly threatening ...Ra2+.} (39... cxb3+ {feels hotter.} 40. Kxb3 Ra8 41. Kc2 Ra2+ 42. Kb3 Ra3+) 40. bxc4 bxc4 41. Rb1 Ra2+ (41... Rf8 $1 $11) 42. Kd1 Ra6 43. Ke2 Ra2+ 44. Kf1 Ra6 45. Rb8 Ra1+ 46. Kg2 Ra2+ 47. Kh3 Ra4 ({Black should try} 47... Ra6 $1 $14) 48. Rb6+ $16 Kf7 49. Rc6 Bd8 50. Nd6+ (50. Nd2 $16) 50... Ke6 $14 51. Nb7+ Kd7 $1 {[%cal Rd7c6]} 52. Rxg6 (52. Nxd8 $16 Kxd8 53. g4 (53. Rxg6 Ra3 $14) 53... hxg4+ 54. Kxg4 (54. fxg4 Kd7 $14)) 52... Be7 $11 53. Rg7 {Nc5+ is the strong threat.} Ke6 54. Rh7 Ra3 55. Rxh5 Rxc3 56. Na5 (56. Kg4 {keeps more tension.} Re3 57. Rh6+ Kd5 58. Rh7 Bb4 59. h5) 56... Bb4 57. Nc6 {[%mdl 64] Double Attack} Bd6 58. Na5 Bc7 59. Nb7 {[#] Black keeps a firm grip on the game.} (59. Rh6+ $11 Kd5 60. Nxc4) 59... Rxf3 $2 (59... Kd5 $1 $19 60. Rh7 Kc6) 60. Kg4 $2 {[%mdl 8192]} (60. Rh7 $11 Bb8 61. Rh8) 60... Rf7 $19 61. Nc5+ Kd5 62. Na4 Kd4 63. Rf5 Rxf5 64. Kxf5 {KB-KN} e4 65. Kg4 Be5 {Black mates.} 66. h5 c3 67. Nxc3 Kxc3 {KB-KPP} 68. Kf5 {[#]} e3 $1 69. Kxe5 e2 70. h6 e1=Q+ 71. Kf6 Qf2+ 72. Ke7 Qxg3 73. h7 Qg7+ {Weighted Error Value: White=0.28/Black=0.12} 0-1

[Event "European Online Club-ch-D 2021"]
[Site "Online"]
[Date "2021.03.27"]
[Round "3.1"]
[White "Lagarde, Maxime"]
[Black "Eren, Ataberk"]
[Result "0-1"]
[WhiteElo "2640"]
[BlackElo "2306"]
[Annotator "ChessBase"]
[PlyCount "100"]
[EventDate "2021.03.27"]
[EventType "team-tourn"]
[EventCountry "NET"]
[SourceTitle "playchess.com"]
[Source "ChessBase"]
[SourceQuality "1"]
[TimeControl "900+5"]

1. c4 {[%emt 0:00:00]} Nf6 {[%emt 0:00:07]} 2. Nc3 {[%emt 0:00:03]} e6 {[%emt 0:00:01]} 3. d4 {[%emt 0:00:05]} c5 {[%emt 0:00:08]} 4. d5 {[%emt 0:00:02]} exd5 {[%emt 0:00:01]} 5. cxd5 {[%emt 0:00:00]} d6 {[%emt 0:00:01]} 6. e4 {[%emt 0:00:01]} g6 {[%emt 0:00:01]} 7. f4 {[%emt 0:00:01]} Bg7 {[%emt 0:00:02]} 8. Bb5+ {[%emt 0:00:02]} Nfd7 {[%emt 0:00:01]} 9. Be2 {[%emt 0:00:04]} O-O {[%emt 0:00:01]} 10. Nf3 {[%emt 0:00:02]} Na6 {[%emt 0:00:02]} 11. O-O {[%emt 0:00:04]} Nc7 {[%emt 0:00:02]} 12. Kh1 {[%emt 0:00:11]} Rb8 {[%emt 0:00:08]} 13. a4 {[%emt 0:00:02]} a6 {[%emt 0:00:26]} 14. f5 {[%emt 0:00:26]} b5 {[%emt 0:00:05]} 15. axb5 {[%emt 0:00:04]} Nxb5 {[%emt 0:00:22]} 16. Bg5 {[%emt 0:00:43]} Qe8 {[%emt 0:03:30]} 17. Nxb5 {[%emt 0:02:51]} axb5 {[%emt 0:00:03]} 18. Qc2 {[%emt 0:00:11]} Nf6 {[%emt 0:00:44]} 19. fxg6 {[%emt 0:01:44]} hxg6 {[%emt 0:01:38]} 20. e5 {[%emt 0:02:47]} Nxd5 {[%emt 0:02:47]} 21. exd6 {[%emt 0:00:10]} Qc6 {[%emt 0:01:16]} 22. Rad1 {[%emt 0:02:02]} Qxd6 {[%emt 0:00:45]} 23. Qe4 {[%emt 0:00:03]} Qe6 {[%emt 0:00:40]} 24. Qxd5 {[%emt 0:00:23]} Qxe2 {[%emt 0:00:03]} 25. Qxc5 {[%emt 0:00:26]} Qxb2 {[%emt 0:01:17]} 26. Bf4 {[%emt 0:02:05]} Ra8 {[%emt 0:00:16]} 27. Be5 {[%emt 0:00:30]} Bxe5 {[%emt 0:00:05]} 28. Nxe5 {[%emt 0:00:06]} Bb7 {[%emt 0:00:40]} 29. Rf2 {[%emt 0:00:09]} Ra1 {[%emt 0:00:55]} 30. Rxb2 {[%emt 0:00:39]} Rxd1+ {[%emt 0:00:02]} 31. Qg1 {[%emt 0:00:01]} Rxg1+ {[%emt 0:00:06]} 32. Kxg1 {[%emt 0:00:00]} Rc8 {[%emt 0:00:02]} 33. g4 {[%emt 0:00:33]} Rc5 {[%emt 0:00:17]} 34. Nd7 {[%emt 0:00:03]} Rc1+ {[%emt 0:00:36]} 35. Kf2 {[%emt 0:00:02]} Bc6 {[%emt 0:00:01]} 36. Nf6+ {[%emt 0:00:03]} Kf8 {[%emt 0:00:06]} 37. g5 {[%emt 0:00:24]} Ke7 {[%emt 0:00:15]} 38. Ng4 {[%emt 0:00:15]} Ke6 {[%emt 0:00:04]} 39. h4 {[%emt 0:00:25]} Rc4 {[%emt 0:00:10]} 40. Kg3 {[%emt 0:00:12]} Rc3+ {[%emt 0:00:12]} 41. Kh2 {[%emt 0:00:09]} Kf5 {[%emt 0:00:11]} 42. Nh6+ {[%emt 0:00:02]} Kf4 {[%emt 0:00:07]} 43. Nxf7 {[%emt 0:00:03]} Rc1 {[%emt 0:00:03]} 44. Rf2+ {[%emt 0:00:03]} Bf3 {[%emt 0:00:02]} 45. Kh3 {[%emt 0:00:09]} b4 {[%emt 0:00:10]} 46. Nh8 {[%emt 0:00:21]} Rh1+ {[%emt 0:00:03]} 47. Rh2 {[%emt 0:00:01]} Rxh2+ {[%emt 0:00:01]} 48. Kxh2 {[%emt 0:00:00]} b3 {[%emt 0:00:01]} 49. Nxg6+ {[%emt 0:00:02]} Ke4 {[%emt 0:00:16]} 50. h5 {[%emt 0:00:03]} Bxh5 {[%emt 0:00:03]} 0-1

[Event "European Online Club-ch-D 2021"]
[Site "Online"]
[Date "2021.03.27"]
[Round "3.2"]
[White "Erdogan, Anil Berk"]
[Black "Maurizzi, Marc Andria"]
[Result "0-1"]
[WhiteElo "2155"]
[BlackElo "2461"]
[Annotator "ChessBase"]
[PlyCount "68"]
[EventDate "2021.03.27"]
[EventType "team-tourn"]
[EventCountry "NET"]
[SourceTitle "playchess.com"]
[Source "ChessBase"]
[SourceQuality "1"]
[TimeControl "900+5"]

1. e4 {[%emt 0:00:00]} c5 {[%emt 0:00:05]} 2. Nf3 {[%emt 0:00:03]} e6 {[%emt 0:00:02]} 3. d4 {[%emt 0:00:01]} cxd4 {[%emt 0:00:00]} 4. Nxd4 {[%emt 0:00:01]} Nf6 {[%emt 0:00:02]} 5. Nc3 {[%emt 0:00:02]} Nc6 {[%emt 0:00:01]} 6. Ndb5 {[%emt 0:00:09]} Bc5 {[%emt 0:00:05]} 7. Bf4 {[%emt 0:01:04]} O-O {[%emt 0:00:06]} 8. Bc7 {[%emt 0:00:26]} Qe7 {[%emt 0:00:03]} 9. Bd6 {[%emt 0:00:13]} Bxd6 {[%emt 0:00:02]} 10. Qxd6 {[%emt 0:00:24]} Qd8 {[%emt 0:00:03]} 11. O-O-O {[%emt 0:00:20]} a6 {[%emt 0:00:47]} 12. Nd4 {[%emt 0:01:49]} Ne7 {[%emt 0:00:04]} 13. Be2 {[%emt 0:00:57]} b5 {[%emt 0:00:53]} 14. g4 {[%emt 0:01:14]} Bb7 {[%emt 0:00:16]} 15. Bf3 {[%emt 0:00:39]} Rc8 {[%emt 0:01:49]} 16. Kb1 {[%emt 0:01:11]} Ne8 {[%emt 0:03:48]} 17. Qg3 {[%emt 0:00:55]} Ng6 {[%emt 0:00:49]} 18. e5 {[%emt 0:02:38]} Bxf3 {[%emt 0:00:49]} 19. Nxf3 {[%emt 0:00:00]} f5 {[%emt 0:01:19]} 20. g5 {[%emt 0:01:14]} Rc4 {[%emt 0:01:14]} 21. Ne2 {[%emt 0:01:10]} Nc7 {[%emt 0:00:12]} 22. h4 {[%emt 0:00:18]} Nd5 {[%emt 0:00:30]} 23. h5 {[%emt 0:00:23]} Nge7 {[%emt 0:00:02]} 24. Nfd4 {[%emt 0:00:21]} Qb6 {[%emt 0:00:49]} 25. f4 {[%emt 0:00:37]} Rfc8 {[%emt 0:00:03]} 26. Rd2 {[%emt 0:00:28]} b4 {[%emt 0:00:14]} 27. Rhd1 {[%emt 0:00:06]} Nc3+ {[%emt 0:00:15]} 28. Kc1 {[%emt 0:00:28]} Nxa2+ {[%emt 0:00:22]} 29. Kb1 {[%emt 0:00:02]} Nc3+ {[%emt 0:00:00]} 30. Kc1 {[%emt 0:00:01]} Nxd1 {[%emt 0:00:30]} 31. Kxd1 {[%emt 0:00:00]} Qb7 {[%emt 0:00:28]} 32. Qg1 {[%emt 0:00:14]} Qe4 {[%emt 0:00:24]} 33. Qf1 {[%emt 0:00:09]} Nd5 {[%emt 0:00:04]} 34. b3 {[%emt 0:00:06]} Ne3+ {[%emt 0:00:02]} 0-1

[Event "European Online Club-ch-D 2021"]
[Site "Online"]
[Date "2021.03.27"]
[Round "3.3"]
[White "Medvegy, Zoltan"]
[Black "Korkmaz, Necmettin"]
[Result "1-0"]
[WhiteElo "2527"]
[BlackElo "2101"]
[Annotator "ChessBase"]
[PlyCount "75"]
[EventDate "2021.03.27"]
[EventType "team-tourn"]
[EventCountry "NET"]
[SourceTitle "playchess.com"]
[Source "ChessBase"]
[SourceQuality "1"]
[TimeControl "900+5"]

1. c4 {[%emt 0:00:00]} e5 {[%emt 0:00:22]} 2. g3 {[%emt 0:00:07]} Nf6 {[%emt 0:00:04]} 3. Bg2 {[%emt 0:00:02]} d5 {[%emt 0:00:04]} 4. cxd5 {[%emt 0:00:02]} Nxd5 {[%emt 0:00:05]} 5. Nc3 {[%emt 0:00:01]} Nb6 {[%emt 0:00:03]} 6. e3 {[%emt 0:00:04]} Be7 {[%emt 0:00:10]} 7. Nge2 {[%emt 0:00:02]} O-O {[%emt 0:00:02]} 8. O-O {[%emt 0:00:02]} Nc6 {[%emt 0:00:04]} 9. f4 {[%emt 0:00:03]} Qd3 {[%emt 0:01:33]} 10. fxe5 {[%emt 0:01:17]} Nxe5 {[%emt 0:00:31]} 11. Nf4 {[%emt 0:00:02]} Qd8 {[%emt 0:01:07]} 12. d4 {[%emt 0:00:07]} Ng6 {[%emt 0:00:26]} 13. b3 {[%emt 0:03:09]} Nxf4 {[%emt 0:00:32]} 14. gxf4 {[%emt 0:00:15]} c5 {[%emt 0:00:14]} 15. d5 {[%emt 0:00:14]} Bf6 {[%emt 0:00:08]} 16. Bb2 {[%emt 0:00:05]} Re8 {[%emt 0:00:06]} 17. e4 {[%emt 0:00:48]} Bd4+ {[%emt 0:00:05]} 18. Kh1 {[%emt 0:00:01]} Qh4 {[%emt 0:00:04]} 19. Qd3 {[%emt 0:03:30]} Bg4 {[%emt 0:01:09]} 20. Nd1 {[%emt 0:01:04]} Nxd5 {[%emt 0:04:42]} 21. Bxd4 {[%emt 0:00:04]} cxd4 {[%emt 0:00:30]} 22. Qxd4 {[%emt 0:01:34]} Bxd1 {[%emt 0:00:58]} 23. exd5 {[%emt 0:01:52]} Be2 {[%emt 0:00:27]} 24. Rf2 {[%emt 0:00:05]} Bg4 {[%emt 0:00:50]} 25. f5 {[%emt 0:01:02]} Rad8 {[%emt 0:00:52]} 26. h3 {[%emt 0:00:55]} h5 {[%emt 0:00:19]} 27. Kg1 {[%emt 0:00:08]} Rd6 {[%emt 0:00:47]} 28. hxg4 {[%emt 0:00:24]} hxg4 {[%emt 0:00:03]} 29. f6 {[%emt 0:00:04]} Rxf6 {[%emt 0:00:14]} 30. Rxf6 {[%emt 0:00:06]} gxf6 {[%emt 0:00:02]} 31. Rf1 {[%emt 0:00:17]} Re5 {[%emt 0:00:12]} 32. d6 {[%emt 0:00:05]} Rh5 {[%emt 0:00:11]} 33. d7 {[%emt 0:00:05]} Qh2+ {[%emt 0:00:08]} 34. Kf2 {[%emt 0:00:01]} Rf5+ {[%emt 0:00:31]} 35. Ke1 {[%emt 0:00:04]} Re5+ {[%emt 0:00:06]} 36. Kd1 {[%emt 0:00:02]} Qxg2 {[%emt 0:00:05]} 37. d8=Q+ {[%emt 0:00:03]} Kg7 {[%emt 0:00:01]} 38. Qxf6+ {[%emt 0:00:08]} 1-0

[Event "European Online Club-ch-D 2021"]
[Site "Online"]
[Date "2021.03.27"]
[Round "3.4"]
[White "Kilic, Gokturk Kagan"]
[Black "Guliyev, Namig"]
[Result "1-0"]
[WhiteElo "2084"]
[BlackElo "2538"]
[Annotator "ChessBase"]
[PlyCount "92"]
[EventDate "2021.03.27"]
[EventType "team-tourn"]
[EventCountry "NET"]
[SourceTitle "playchess.com"]
[Source "ChessBase"]
[SourceQuality "1"]
[TimeControl "900+5"]

1. d4 {[%emt 0:00:00]} d5 {[%emt 0:00:02]} 2. c4 {[%emt 0:00:04]} dxc4 {[%emt 0:00:02]} 3. Nf3 {[%emt 0:00:05]} Nf6 {[%emt 0:00:06]} 4. Nc3 {[%emt 0:00:07]} a6 {[%emt 0:00:02]} 5. a4 {[%emt 0:00:43]} e6 {[%emt 0:00:05]} 6. e3 {[%emt 0:00:46]} b6 {[%emt 0:00:02]} 7. Bxc4 {[%emt 0:00:03]} Bb7 {[%emt 0:00:01]} 8. O-O {[%emt 0:00:01]} Bb4 {[%emt 0:00:02]} 9. Ne2 {[%emt 0:03:36]} O-O {[%emt 0:00:07]} 10. Nf4 {[%emt 0:00:20]} Qe7 {[%emt 0:00:07]} 11. Ne5 {[%emt 0:00:25]} Nbd7 {[%emt 0:00:10]} 12. Nfd3 {[%emt 0:00:27]} Bd6 {[%emt 0:00:05]} 13. b3 {[%emt 0:03:42]} c5 {[%emt 0:00:16]} 14. Bb2 {[%emt 0:00:07]} cxd4 {[%emt 0:00:16]} 15. Bxd4 {[%emt 0:00:14]} Rfd8 {[%emt 0:00:03]} 16. Qe2 {[%emt 0:00:21]} Nxe5 {[%emt 0:00:22]} 17. Nxe5 {[%emt 0:00:14]} Bc5 {[%emt 0:00:02]} 18. Rfd1 {[%emt 0:02:27]} Bxd4 {[%emt 0:00:05]} 19. exd4 {[%emt 0:00:03]} Nd5 {[%emt 0:00:07]} 20. Qg4 {[%emt 0:00:29]} b5 {[%emt 0:00:31]} 21. Bd3 {[%emt 0:00:35]} b4 {[%emt 0:00:39]} 22. Re1 {[%emt 0:00:43]} Qf6 {[%emt 0:01:21]} 23. Rac1 {[%emt 0:00:24]} g6 {[%emt 0:00:12]} 24. Rc5 {[%emt 0:00:07]} Nf4 {[%emt 0:00:24]} 25. Be4 {[%emt 0:00:23]} h5 {[%emt 0:00:43]} 26. Qf3 {[%emt 0:00:04]} Bxe4 {[%emt 0:00:39]} 27. Rxe4 {[%emt 0:00:02]} Nd5 {[%emt 0:00:03]} 28. Rxd5 {[%emt 0:00:03]} Qxf3 {[%emt 0:00:13]} 29. Rxd8+ {[%emt 0:00:04]} Rxd8 {[%emt 0:00:02]} 30. Nxf3 {[%emt 0:00:03]} Rc8 {[%emt 0:00:02]} 31. g3 {[%emt 0:00:05]} Rc2 {[%emt 0:00:04]} 32. d5 {[%emt 0:00:04]} exd5 {[%emt 0:00:03]} 33. Rxb4 {[%emt 0:00:02]} Rc3 {[%emt 0:00:01]} 34. Ne5 {[%emt 0:00:05]} g5 {[%emt 0:00:05]} 35. Nd7 {[%emt 0:00:04]} Kg7 {[%emt 0:00:03]} 36. Nb6 {[%emt 0:00:18]} Rd3 {[%emt 0:00:09]} 37. Kf1 {[%emt 0:00:06]} a5 {[%emt 0:00:18]} 38. Rb5 {[%emt 0:00:03]} f6 {[%emt 0:00:07]} 39. Nxd5 {[%emt 0:00:04]} h4 {[%emt 0:00:01]} 40. gxh4 {[%emt 0:00:04]} gxh4 {[%emt 0:00:02]} 41. Ne3 {[%emt 0:00:03]} Kg6 {[%emt 0:00:03]} 42. Ke2 {[%emt 0:00:03]} Rc3 {[%emt 0:00:05]} 43. Kf3 {[%emt 0:00:01]} Rc1 {[%emt 0:00:05]} 44. Kg4 {[%emt 0:00:04]} Rh1 {[%emt 0:00:03]} 45. h3 {[%emt 0:00:03]} Rg1+ {[%emt 0:00:03]} 46. Kxh4 {[%emt 0:00:02]} Rb1 {[%emt 0:00:05]} 1-0

[Event "European Online Club-ch-D 2021"]
[Site "Online"]
[Date "2021.03.27"]
[Round "3.5"]
[White "Lupulescu, Constantin"]
[Black "Adams, Michael"]
[Result "1/2-1/2"]
[WhiteElo "2656"]
[BlackElo "2716"]
[Annotator "TA"]
[PlyCount "131"]
[EventDate "2021.03.27"]
[EventType "team-tourn"]
[EventCountry "NET"]
[SourceTitle "playchess.com"]
[Source "ChessBase"]
[SourceQuality "1"]

{[%evp 15,131,11,19,14,18,15,20,11,8,8,22,-21,-21,-32,-22,-25,-28,-29,-18,-74,-37,-114,-54,-61,-55,-47,-51,-72,-22,-22,-22,-22,-22,-48,-22,-51,-13,-21,39,51,90,72,135,140,133,117,116,95,116,12,19,12,12,12,12,12,16,22,23,0,0,0,0,0,111,0,0,0,0,0,0,0,0,0,0,0,0,0,0,0,2,0,0,0,0,0,0,0,0,0,0,0,0,0,0,0,0,0,0,-6,-6,-6,-6,-6,-6,-6,-6,-6,-6,-6,-6,-6,-6,-6,-6,-6,0,0]} 1. d4 Nf6 2. c4 e6 3. Nc3 d5 4. cxd5 exd5 5. Bg5 c6 6. e3 Be7 7. Bd3 h6 8. Bh4 O-O 9. h3 {9.Nge2 is the modern continuation. D35: Queen's Gambit Declined: Exchange Variation.} Re8 10. Nge2 a5 11. Qc2 Na6 {[%cal Bb8a6,Ba6c7,Bc7e6][%mdl 32]} 12. a3 {[#]} Nc7 $146 ({Predecessor:} 12... Ne4 13. Bxe7 Qxe7 14. Bxe4 dxe4 15. g4 c5 16. Rd1 Bd7 17. d5 Rac8 18. Ng3 Nb4 19. Qxe4 {0-1 (42) Rubinraut,S-Estimo,S Haifa 1976}) 13. g4 Ne6 14. Rd1 b5 15. Kf1 Bd7 16. Kg2 Rc8 17. Bg3 (17. Qb1 $11) 17... Qb6 18. Qd2 (18. Bf5 $15) 18... Qb7 (18... c5 $17 19. dxc5 Bxc5) 19. Nf4 $15 b4 20. axb4 axb4 21. Nce2 c5 22. Nxe6 Bxe6 23. f3 c4 24. Bb1 Bd7 25. h4 Ba4 {And now ...c3 would win.} 26. Rc1 h5 (26... Rc6 $11) 27. g5 $14 Nd7 {[#]} 28. g6 $1 Nf8 (28... f6 $142) 29. gxf7+ $16 Kxf7 30. e4 Kg8 31. Nf4 c3 32. Qf2 ({White should try} 32. bxc3 $16 bxc3 33. Rxc3) 32... c2 $1 $11 {[%cal Rc2b1]} 33. Rxc2 Bxc2 34. Bxc2 b3 35. Bd3 dxe4 36. fxe4 {White wants to play Kh2.} Bd6 {aiming for ...Rc2!} 37. Nd5 Re6 38. Bxd6 $1 Rxd6 39. Rf1 Ne6 {[#]} (39... Ng6 $11 {keeps the balance.}) 40. Qg3 (40. Qf5 $1 $16 {Hoping for e5.} Rf8 41. Qe5 (41. Qxh5 Rxf1 42. Qe8+ Rf8 $11)) 40... Rxd5 {The position is equal.} 41. exd5 Qxd5+ {[%mdl 64] Double Attack} 42. Qf3 Qxf3+ 43. Rxf3 Nxd4 {[%mdl 4096] Endgame KRB-KRN} 44. Rf4 Rd8 45. Kf2 g5 46. hxg5 Kg7 47. Ke3 Ne6 48. Rb4 (48. Rf5 {keeps more tension.} h4 49. Re5 Rd6 50. Bc4 Nf8 51. Rd5) 48... Nxg5 49. Rxb3 h4 50. Rb7+ Kf6 51. Rb6+ Ke5 52. Rb5+ Rd5 53. Rxd5+ Kxd5 {KB-KN} 54. Bf5 Nf7 55. Kf4 Nd6 56. Bh3 Kc4 57. Kg5 Kb3 58. Kxh4 (58. Kf4 {seems wilder.} Kxb2 59. Bg2 Kc3 60. Kg4 h3 61. Bxh3 Kd4 62. Kg5) 58... Kxb2 59. Kg5 Kc3 60. Kf6 Kd4 61. Ke6 Ne4 62. Ke7 Nf2 63. Bg2 Ng4 64. Bh1 Ne3 65. Bf3 Nd5+ 66. Bxd5 {Weighted Error Value: White=0.10/Black=0.13} 1/2-1/2

[Event "European Online Club-ch-D 2021"]
[Site "Online"]
[Date "2021.03.27"]
[Round "3.6"]
[White "Howell, David W L"]
[Black "Parligras, Mircea-Emilian"]
[Result "1-0"]
[WhiteElo "2658"]
[BlackElo "2591"]
[Annotator "TA"]
[PlyCount "107"]
[EventDate "2021.03.27"]
[EventType "team-tourn"]
[EventCountry "NET"]
[SourceTitle "playchess.com"]
[Source "ChessBase"]
[SourceQuality "1"]

{[%evp 9,107,20,15,15,18,0,12,0,0,0,9,0,32,0,21,16,23,25,27,22,25,8,2,8,42,26,54,41,55,42,108,108,164,90,98,90,104,90,215,147,150,81,187,98,104,79,134,93,85,71,126,69,78,81,125,136,106,12,8,22,29,-62,6,8,41,35,87,79,74,76,156,66,124,78,110,91,147,56,60,35,35,35,63,49,179,164,764,747,780,780,771,769,737,8,697,680,618,560,29971,11882]} 1. Nf3 d5 2. g3 Bg4 3. Bg2 e6 4. O-O Nf6 5. h3 Bxf3 6. Bxf3 {A07: Réti Opening: New York and Capablanca Systems.} c5 7. d3 Nc6 8. Nd2 {The position is equal.} Be7 9. Bg2 O-O 10. e4 dxe4 {[#]} 11. dxe4 $146 ({Predecessor:} 11. Nxe4 Nxe4 12. Bxe4 Qd7 13. Bd2 Rad8 14. Kh2 f5 15. Bxc6 Qxc6 16. Qe2 Bf6 17. Bc3 Bxc3 18. bxc3 {1-0 (75) Vlasak,L (2375)-Eliseev,E (2140) Pardubice 2014}) 11... Qd7 12. f4 Rfd8 13. c3 b5 14. Qe2 c4 15. e5 Nd5 16. Ne4 a6 17. Bd2 Qc7 18. Kh2 Rd7 19. b3 cxb3 (19... Rc8 $14) 20. axb3 $16 Rdd8 (20... Rad8 $16) 21. Ra2 (21. Rfc1 $18) 21... Qb6 22. Rfa1 a5 23. Be1 Rdb8 (23... Qc7 $16 {was worth a try.} 24. Bf2 (24. Qxb5 Rab8 $16) 24... Rab8) 24. Bf2 Qc7 25. Qd2 (25. c4 $142 bxc4 26. bxc4 (26. Qxc4 Qd7 $14)) 25... h6 (25... Rd8 $16 {was necessary.}) 26. h4 (26. Nd6 $1 $18) 26... Rd8 27. Qe1 Rdb8 (27... Rab8 $142) 28. h5 Rd8 29. Bf3 Rdb8 (29... Bf8 $142) 30. Kg2 (30. Qe2 $16) 30... Rd8 31. Qc1 Rdb8 32. Rd2 a4 33. bxa4 (33. c4 $16 bxc4 34. bxc4) 33... Rxa4 $11 34. Rb1 Rc4 35. Rc2 {[#]} ({Better is} 35. Qf1 $11) 35... b4 (35... Ncb4 $1 $15 36. Rd2 Nxc3 37. Nxc3 Rxc3) 36. cxb4 Rxc2 (36... Nxe5 {seems wilder.} 37. Rxc4 Nxc4 38. Nc5 Nde3+ 39. Bxe3 Nxe3+ 40. Qxe3 Bxc5 41. Qe4 Bb6) 37. Qxc2 {And now b5 would win.} Ncxb4 (37... Bxb4 $14 38. Rb2 Rd8) 38. Qxc7 $16 Nxc7 39. Nd6 {Threatens to win with Ba7.} Nba6 (39... Nca6 $142) 40. Ra1 ({White should play} 40. Bb7 $16) 40... Rb2 (40... Rd8 $14) 41. Kf1 Rb8 42. Be1 $36 {[%mdl 2048] White is on the roll.} Kf8 {[#]} (42... Rd8 $142) 43. Be2 (43. Rc1 $1 $16) 43... Nb4 $1 $14 44. Bxb4 Rxb4 45. Ra7 Rb1+ 46. Kg2 (46. Kf2 $5 {[%cal Ra7c7]} Bd8 47. Bc4 $16) 46... Rc1 ({Black should try} 46... Bd8 $1 $14) 47. Rb7 $18 {Hoping for Rb8+.} g5 $2 (47... Kg8 48. Bc4 Bxd6) 48. hxg6 fxg6 49. Rb8+ Kg7 50. Rc8 Rc2 {[#]} 51. Kf1 $2 ({Only move:} 51. Rxc7 $1 $18 {[%mdl 512]} Rxc7 52. Ne8+ {[%mdl 64] Double Attack} Kf7 53. Nxc7) 51... Rc1+ {[%mdl 8192]} (51... Nd5 $11) 52. Kf2 Kh7 53. Bd3 Rd1 54. Rxc7 {Weighted Error Value: White=0.36/Black=0.56} 1-0